Quizzes
Events
Quiz Creation
Community
Videos
Private Events
Remove Ads
Sign In
Join for FREE
Feedback
Dark Mode
Quiz Categories
Sports
Geography
Music
Movies
Television
Just For Fun
Miscellaneous
History
Literature
Language
Science
Gaming
Entertainment
Religion
Holiday
For Kids
Quiz Lab
Recent
Popular Today
Quiz Kudos Today
Editor Picks
Curator Picks
Quizzes by...
Day
Popularity
Type
Ratings
Length
Year
Community
Subscriptions
Recent Discussions
Orange Saloon
Badges
Playlists
Quests
Create
Leaderboards
Showdown
Live 5
Trivia Bingo
Activity
Puzzle Library
Sporcle Events
Private Events
Virtual Trivia
Globe League
Become a Host
Pub Owners
SporcleCon
Opinionation
Our Games
Videos
Blog
Mobile Apps
Partnerships
Remove Ads and Go Orange
Feedback
Gaming
Video Games
Board Games
Card Games
Pokémon
Mario
Nintendo
Minecraft
Console
Toys
Legend of Zelda
Gaming
Video Games
Board Games
Card Games
Pokémon
Mario
Nintendo
Minecraft
Console
Toys
Legend of Zelda
Random Quiz
Search Sporcle
×
Quiz Lab
Quiz Lab
Gaming
Alphabet
Type in answers that appear in a list
Type in answers that appear in a list
Classic
Best Score? Go Orange.
RPG Series Alphabet Stats
Can you name the RPG Series Alphabet?
By
RadShadow
10m
26 Questions
175 Plays
175 Plays
175 Plays
Comments
Comments
Give Quiz Kudos
Give Quiz Kudos
-
- Ratings
hide this ad
Replay
Link that replays current quiz
Next Quiz
Link to next quiz in quiz playlist
You Got
0%
They Got
Avg Score
63%
Avg Friend Score
Upgrade to see
Score Distribution
Jump to the score distribution portion of the page
Score
0/26
Timer
10:00
0
Plays Today
Hint
Series
% Correct
The time travel series that left fans wanting more.
Chrono
94.3%
Disney and Square work together to make this series come to life.
Kingdom Hearts
92.6%
This games mascots are usually slimes that like to smile.
Dragon Quest
89.7%
You control Commander Shepard's every action in this trilogy.
Mass Effect
88.6%
The main character routinely has the ability to turn into a dragon.
Breath of Fire
79.4%
Every game in this series features the same universe, but with a new 108 cast in each new title.
Suikoden
77.1%
You control the ever silent protagonist Adol in these games.
Ys
77.1%
This Nintendo SRPG has recently seen a lot of love from the American audiences.
Fire Emblem
76.6%
Shion and the gang underwent some serious graphical overhauls throughout this cut-
short series.
Xenosaga
76.6%
This series features titles, cooking, skits, and a very fun, and engaging battle engine.
Tales
76%
This old Genesis RPG has moved from a single player game to MMO to most recently a portable experience.
Phantasy Star
74.9%
This western-
like RPG is heavy on whistles and gun-
toting heroes.
Wild ARMs
73.1%
Justin, Ryduo, Yuki, and Evan are the main character of this series.
Grandia
68%
Hint
Series
% Correct
In this series, you create the games!
RPG Maker
68%
In these ten games you witness the Stranger turn into the Avatar and save Britannia
Ultima
66.3%
You control the warrior maiden as she recruits Einherjar for an upcoming battle.
Valkyrie Profile
65.7%
You have to fight the Sinistrals constantly in these games.
Lufia
65.1%
Not a series, but this game was featured on the Nintendo 64.
Quest 64
64.6%
This game came to the states in a box set with the first three games in the series.
Arc the Lad
45.1%
Control and promote vast armies and use Tarot cards to your advantage in these games.
Ogre Battle
41.1%
Not many of this anime inspired RPGs have come to the USA, but the art of the ninja lives on in these games.
Naruto
38.3%
This series seems like a Pokemon clone. You purify monsters as Kahu and Levant explore the world.
Jade Cocoon
37.7%
The legend of the unemplayed Ninja series.
Izuna
30.9%
Battle in giant mechs, who double as an anime show and a popular toy for kids.
Zoids
29.7%
The MMORPG that really wasn't a MMORPG.
.hack
28%
This short lived series main character was named Mag Launcher.
Evolution
17.1%
Quiz Playlist
Details
Report
Send in Message
Add To Playlist
Classic:
Type in answers that appear in a list
Last Updated: Feb 16, 2017
Quiz Scoreboard
CHALLENGE
Sign Up to Join the Scoreboard
Show All
Scores
Hide
Comments
May contain spoilers
Recently Published
Billboard Blitz: Fleetwood Mac
by CooCooCachoo
Music
15s
Presidents Visiting Landmarks
by Hejman
History
7m
An Introduction to Baseball
by treessimontrees
Sports
5m
More to Explore
Quiz From the Vault
Featured Blog Post
Where Did the Easter Bunny Come From?
hide this ad
You Might Also Like...
Tags
Alphabet Quiz
rpg
Series
Today's Top Quizzes in Gaming
Browse Gaming
hide this ad
Today's Top Quizzes in Alphabet
Browse Alphabet
Top Contributed Quizzes in Gaming
1
5-to-1: Consoles
2
5-to-1: Legend of Zelda
3
7-to-1: Board Game Piece Blitz
4
Destiny 2 exotic weapons by perk icons
5
Ultimate Genshin Impact Logic Puzzle (up to 4.3)
6
Franchise by Action Figure
7
Genshin Impact Logic Puzzle Quiz
8
Who's on the WWE 2K24 Cover?
9
Overwatch Logic Puzzle
10
League of Legends Pro Players by Career/Team History
Explore More
Trending Topics
NBA
Anime
Crossword
Kpop
Marvel
Harry Potter
Disney
Country
Puzzle
Soccer
The Office
WWE
Pokémon
Song
NFL
hide this ad
More By:
RadShadow
Quiz
Plays
Rating
Category
Featured
Created
NBA Dual MVP Winners
164,422
4.47
Sports
Jun 1, 2013
RPG Characters 1st Skill
2,252
4.07
Gaming
Apr 20, 2013
Final Fantasy Blitz: Job Match
2,243
2.47
Gaming
Jun 24, 2014
2011-12 NBA CHAMPIONS Miami Heat 15 Man Roster
1,987
3.43
Sports
Jan 1, 2012
Let's Play Through: Final Fantasy 4
1,670
4.25
Gaming
Jul 12, 2014
Go to Creator's Profile
Score Distribution
Quiz Creator Spotlight
RadShadow
Follow
Send a Message
Quizzes Created
-
Created Quiz Play Count
-
More By This Creator
Popular Quizzes Today
1
Find the US States - No Outlines Minefield
2
Find the Countries of Europe - No Outlines Minefield
3
The Countries of the World
4
Find the US States
5
Popular People in 1961
6
US States
7
Risky Map Clicking: Biggest States A-Z
8
Movies - When Are They Set?
More Gaming Quizzes
That's No Best Picture: That's A Board Game!
Editor's Pick
Trending Quizzes
Risky Map Clicking: Least Populous States A-Z
1-10 Letter G Words
1-10 Letter F Words
Risky Map Clicking: Next State Alphabetically
'A' Boys' Names Grid
Recently Updated
Leaping Animals
pecheneg
Reality TV Shows (A-Z)
bhenderson79
Rickey Henderson's Hall of Fame Teammates
pecheneg
Champions League XIs: Arsenal
pecheneg
Quick Pick: Celebrities in WWE's Hall of Fame
aduchscher
A-Z Keypad Blitz II
pecheneg
Multiple Oscar Actors
pecheneg
Mystery Phrase Blitz: Oscar 'Best Actors'
pecheneg
F. Scott Fitzgerald Novels
LTH
Pick 3 Villains
ddd62291
Trending Topics
Harry Potter
Marvel
Anime
Disney
NBA
Kpop
Crossword
NFL
The Office
WWE
Soccer
Pokémon
Puzzle
Song
Country
Your Account Isn't Verified!
In order to create a playlist on Sporcle, you need to verify the email address you used during registration. Go to your
Sporcle Settings
to finish the process.
Report this User
Report this user for behavior that violates our
Community Guidelines
.
Details:
Send Report
Go to the Sporcle.com Mobile Site →
Comments